Эмоциональное воздействие пропагандистского слова

Bibliografiske detaljer
Hovedforfatter: Кохтев Н. Н. Николай Николаевич
Summary:Исключено из фонда НТБ ТПУ
Sprog:russisk
Udgivet: Москва, Московский рабочий, 1981
Format: MixedMaterials Bog
KOHA link:https://koha.lib.tpu.ru/cgi-bin/koha/opac-detail.pl?biblionumber=186858

MARC

LEADER 00000nam0a2200000 4500
001 186858
005 20231031173816.0
035 |a (RuTPU)RU\TPU\book\202733 
090 |a 186858 
100 |a 20101103d1981 m y0rusy50 ca 
101 0 |a rus 
102 |a RU 
105 |a y z 001zy 
200 1 |a Эмоциональное воздействие пропагандистского слова  |f Н. Н. Кохтев 
210 |a Москва  |c Московский рабочий  |d 1981 
215 |a 111 с. 
320 |a Библиогр.: с. 110. 
333 |a Исключено из фонда НТБ ТПУ 
700 1 |a Кохтев  |b Н. Н.  |g Николай Николаевич 
801 1 |a RU  |b 63413507  |c 20101103 
801 2 |a RU  |b 63413507  |c 20160331  |g RCR 
942 |c BK